| 000 | 01111nam a2200265 i 4500 | ||
|---|---|---|---|
| 001 | 61449 | ||
| 003 | ES-MaACL | ||
| 005 | 20250928112601.0 | ||
| 007 | t| | ||
| 008 | 031112s1910 sp ||||1| spa d | ||
| 111 | 2 |
_aExposicion Retrospectiva de Arte ( _d1908. _cZaragoza) _9152608 |
|
| 245 | 1 | 0 |
_aExposición retrospectiva de arte, 1908 _b: organizada bajo los auspicios del arzobispo de Zaragoza / _cintroducción por Mariano de Pano y Ruata ; prólogo por Francisco de Paula Moreno ; texto histórico y crítico por Emile Bertaux. |
| 250 | _a[Ed. oficial]. | ||
| 260 |
_aZaragoza : _bReal Junta del Centenario de los sitios de 1808- 1809, _c1910. |
||
| 300 |
_a358 p. : _bil. ; _c33 cm. |
||
| 650 | 4 |
_aArte- _vExposiciones. _9156054 |
|
| 655 | 7 |
_2tgfbne _9193628 _aCatálogos de exposiciones |
|
| 700 | 1 |
_aPano y Ruata, Mariano de, _d1847-1948 _988810 |
|
| 700 | 1 |
_aMoreno, Francisco de Paula. _983278 |
|
| 700 | 1 |
_aBertaux, Emile. _928426 |
|
| 710 | 2 |
_aReal Junta del Centenario de los Sitios de 1808-1809 (Zaragoza) _96362 |
|
| 852 |
_aES-MaACL _jB-12021 |
||
| 942 | _2udc | ||
| 999 |
_c61449 _d61449 |
||